000 00263nam a2200109Ia 4500
008 190913s9999||||xx |||||||||||||| ||und||
100 _aHill,Brian
245 4 _aThe Computer Reference Cisco
260 _aNew Delhi
_bMcGraw Hill
_c2001
300 _a742
942 _cBK
999 _c8328
_d8328